|
|
|
|
| LEADER |
00000nam a22000007a 4500 |
| 005 |
20220207201311.0 |
| 007 |
cr|||| |||| |
| 008 |
220207s2008 co |||||s|||| 00||0 spa d |
| 020 |
|
|
|a 978-958-648-560-9
|
| 035 |
|
|
|a 35785
|
| 040 |
|
|
|a vLex
|
| 090 |
|
|
|c 12921
|d 12921
|
| 100 |
1 |
|
|a Prieto Herrera, Jorge Eličer
|
| 245 |
1 |
0 |
|a Gerencia de ventas
|h [Recurso electrn̤ico] :
|b Ser un animador de sus vendedores /
|c Jorge Eličer Prieto Herrera
|
| 256 |
|
|
|a Servicio en ln̕ea
|
| 260 |
|
|
|a Bogot:̀
|b ECOE,
|c 2008
|
| 300 |
|
|
|a 1 recurso electrn̤ico
|
| 500 |
|
|
|a Con un estilo g̀il y dinm̀ico proporciona a los gerentes de ventas las herramientas para la planeacin̤, organizacin̤, direccin̤, evaluacin̤ y retroalimentacin̤ de la fuerza vendedora, mediante una serie de propuestas temt̀icas de interš comn︢ que permite penetrar en nuevos mercados o la supervivencia en los actuales.
|
| 506 |
1 |
|
|a Disponible solo en los productos indicados
|d vLex Global
|d vLex Global (Academic Edition, excluding Law Schools)
|d vLex Global (U.S. Academic Edition, Law Schools)
|d vLex Global (U.S. Academic Edition, excluding Law Schools)
|d vLex Global (Academic Edition, Law Schools)
|
| 650 |
0 |
4 |
|a Marketing
|z Colombia
|
| 740 |
0 |
|
|a vLex Libros (Servicio en ln̕ea)
|
| 856 |
4 |
0 |
|u https://app.vlex.com/#/sources/35785
|z Acceso restringido
|
| 942 |
|
|
|c BOOK
|
| 999 |
0 |
|
|a Marketing
|